[Event "ODEM U25B 2013"]
[Site "Oberhof GER"]
[Date "2013.05.19"]
[Round "2"]
[White "Vinogradov, Anatoli"]
[Black "Breitzmann, Thorge"]
[Result "1-0"]
[Termination "normal"]
[Board "24"]
[WhiteElo "1410"]
[BlackElo "1000"]
[PlyCount "99"]
[WhiteFideId "12977802"]
[EventCountry "GER"]
[EventRounds "9"]
[EventType "swiss"]
[EventDate "2013.05.18"]

1. d4 d5 2. c4 c6 3. Nc3 Bf5 4. e3 Nf6 5. Nf3 e6 6. Bd2 Be7 7. c5 b6 8. b4 O-O
9. Ne5 Qc7 10. Bd3 Ne4 11. Nxe4 dxe4 12. Bc2 f6 13. Nc4 b5 14. Na5 e5 15. Qb1
exd4 16. exd4 Bd8 17. O-O Re8 18. Re1 Qe7 19. f3 Bxa5 20. bxa5 Qc7 21. Bxe4
Bxe4 22. Rxe4 Na6 23. Qb3+ Qf7 24. Rae1 Rxe4 25. Rxe4 Qxb3 26. axb3 Kf7 27. Bf4
Re8 28. Kf2 Nb4 29. Ke2 Nd5 30. Kd3 g5 31. Bd6 f5 32. Rxe8 Kxe8 33. h3 h5 34.
g4 fxg4 35. fxg4 h4 36. Ke4 Nf6+ 37. Kf5 Kf7 38. Kxg5 Ne4+ 39. Kxh4 Nf2 40. g5
Kg6 41. a6 Ne4 42. Bb8 Nd2 43. Bxa7 Nxb3 44. Bb8 Nxd4 45. a7 b4 46. a8=Q b3 47.
Qa3 Nf3+ 48. Kg4 Nxg5 49. Qxb3 Ne6 50. Qxe6+ 1-0

[Event "ODEM U25B 2013"]
[Site "Oberhof GER"]
[Date "2013.05.19"]
[Round "2"]
[White "Arnold, Alexandria"]
[Black "Karge, Ole Jannes"]
[Result "1-0"]
[Termination "normal"]
[Board "25"]
[WhiteElo "999"]
[BlackElo "1471"]
[PlyCount "83"]
[WhiteFideId "16205383"]
[BlackFideId "12957267"]
[EventCountry "GER"]
[EventRounds "9"]
[EventType "swiss"]
[EventDate "2013.05.18"]

1. e4 c5 2. Nf3 d6 3. Nc3 a6 4. d4 cxd4 5. Nxd4 Nc6 6. Be3 Nf6 7. Bd3 e6 8. Bg5
Be7 9. Nxc6 bxc6 10. Qe2 h6 11. Bh4 Qc7 12. O-O O-O 13. h3 d5 14. exd5 cxd5 15.
Rfd1 Bb7 16. Qf3 d4 17. Ne4 Nxe4 18. Bxe4 Bxe4 19. Qxe4 Bxh4 20. Qxh4 e5 21.
Rac1 Rab8 22. b3 Qa5 23. a4 Rbc8 24. Qe4 Rc7 25. c4 dxc3 26. Rd5 Rc5 27. Rxc5
Qxc5 28. Qd3 Rc8 29. Qxa6 c2 30. b4 Qc3 31. b5 Rd8 32. Kh2 Rd1 33. Qa8+ Kh7 34.
Qe4+ g6 35. Rxc2 Qb3 36. Rc7 Qe6 37. Qb7 Kg7 38. a5 Rd2 39. f3 Qa2 40. f4 e4
41. Qxe4 Qxa5 42. Qe5+ 1-0

[Event "ODEM U25B 2013"]
[Site "Oberhof GER"]
[Date "2013.05.19"]
[Round "2"]
[White "Lilienthal, Niels Bennett"]
[Black "Stockter, Jasper Enno"]
[Result "0-1"]
[Termination "normal"]
[Board "26"]
[WhiteElo "983"]
[BlackElo "1239"]
[PlyCount "64"]
[WhiteFideId "16205421"]
[BlackFideId "12957291"]
[EventCountry "GER"]
[EventRounds "9"]
[EventType "swiss"]
[EventDate "2013.05.18"]

1. e4 e6 2. d4 d5 3. e5 c5 4. c3 Nc6 5. Nf3 Qb6 6. Qc2 cxd4 7. Qd1 dxc3 8. Nxc3
Bb4 9. Bd2 Bxc3 10. Bxc3 Nge7 11. Bd3 O-O 12. O-O Ng6 13. Ng5 h6 14. Nf3 Rd8
15. Qe2 d4 16. Bd2 Qxb2 17. Qe4 Rd5 18. Bf4 Nxf4 19. Qxf4 Qa3 20. Rfd1 Qa5 21.
Bc4 Rc5 22. Nxd4 Rxc4 23. Nxc6 Rxc6 24. Qe4 Rc5 25. Rdb1 Rb8 26. Rb4 Rxe5 27.
Qc2 Bd7 28. f4 Qxb4 29. fxe5 Qb6+ 30. Kf1 Bb5+ 31. Ke1 Qe3+ 32. Qe2 Qxe2# 0-1

[Event "ODEM U25B 2013"]
[Site "Oberhof GER"]
[Date "2013.05.19"]
[Round "2"]
[White "Steiner, Maximilian"]
[Black "Grimm, Nicola Marie"]
[Result "1-0"]
[Termination "normal"]
[Board "27"]
[WhiteElo "1195"]
[BlackElo "967"]
[PlyCount "45"]
[WhiteFideId "16202201"]
[BlackFideId "12988987"]
[EventCountry "GER"]
[EventRounds "9"]
[EventType "swiss"]
[EventDate "2013.05.18"]

1. e4 d5 2. exd5 Qxd5 3. Nc3 Qa5 4. d4 c6 5. Nf3 Bf5 6. Bd3 Bg6 7. O-O e6 8. a3
Nf6 9. Ne5 Bh5 10. Be2 Bxe2 11. Qxe2 Bd6 12. Bf4 Qc7 13. Rfe1 Nbd7 14. Bg3 Qb6
15. Nc4 Qxd4 16. Nxd6+ Ke7 17. Nf5+ Kf8 18. Nxd4 c5 19. Nxe6+ fxe6 20. Qxe6 Re8
21. Bd6+ Re7 22. Qxe7+ Kg8 23. Qe6# 1-0

[Event "ODEM U25B 2013"]
[Site "Oberhof GER"]
[Date "2013.05.19"]
[Round "2"]
[White "Graf, Lennard"]
[Black "Grund, Melanie"]
[Result "1-0"]
[Termination "normal"]
[Board "28"]
[WhiteElo "979"]
[BlackElo "1186"]
[PlyCount "107"]
[BlackFideId "12988804"]
[EventCountry "GER"]
[EventRounds "9"]
[EventType "swiss"]
[EventDate "2013.05.18"]

1. e4 e5 2. Nf3 Nc6 3. Bb5 d6 4. d4 exd4 5. Nxd4 Bd7 6. Nxc6 Bxc6 7. Bxc6+ bxc6
8. Bf4 Nf6 9. Nc3 Be7 10. O-O O-O 11. Qe2 Re8 12. Rad1 Bf8 13. Rfe1 d5 14. f3
d4 15. Nb1 Bc5 16. Kh1 Nh5 17. Bd2 Bd6 18. g3 Bxg3 19. Rg1 Bd6 20. Bg5 Qc8 21.
Rxd4 Bc5 22. Qe3 f6 23. Bh6 Rd8 24. Rxd8+ Qxd8 25. Qxc5 Qc8 26. Qxh5 g6 27. Qh4
Kf7 28. e5 fxe5 29. Qc4+ Qe6 30. Qxe6+ Kxe6 31. Nc3 Rb8 32. b3 c5 33. Rg5 Rd8
34. Na4 Rd1+ 35. Rg1 Rd5 36. c4 Rd8 37. Nxc5+ Kf7 38. Bg5 Re8 39. Rd1 c6 40.
Rd7+ Kf8 41. Bh6+ Kg8 42. Rg7+ Kh8 43. Nb7 Rf8 44. Nd6 e4 45. Nf7+ Rxf7 46.
Rxf7 Kg8 47. Rxa7 exf3 48. a4 c5 49. a5 g5 50. Bxg5 Kf8 51. Rc7 Ke8 52. a6 h6
53. a7 hxg5 54. a8=Q# 1-0

[Event "ODEM U25B 2013"]
[Site "Oberhof GER"]
[Date "2013.05.19"]
[Round "2"]
[White "Bergauz, Igal"]
[Black "Vuckovic, Robert"]
[Result "1-0"]
[Termination "normal"]
[Board "29"]
[WhiteElo "1184"]
[BlackElo "944"]
[PlyCount "68"]
[WhiteFideId "12977284"]
[BlackFideId "12998680"]
[EventCountry "GER"]
[EventRounds "9"]
[EventType "swiss"]
[EventDate "2013.05.18"]

1. e4 e6 2. d4 d5 3. Nd2 dxe4 4. Nxe4 Nd7 5. Nf3 Ngf6 6. Bg5 Be7 7. Bd3 h6 8.
Bh4 Nxe4 9. Bxe7 Qxe7 10. Bxe4 Nf6 11. Bd3 O-O 12. O-O b6 13. c3 Bb7 14. Re1
Qd6 15. Rc1 Kh8 16. Rc2 Rfe8 17. Rd2 Ng4 18. h3 Bxf3 19. Qxf3 Nf6 20. Bb5 Rf8
21. c4 a6 22. Bc6 Rab8 23. a3 Nd7 24. Bxd7 Qxd7 25. Re4 Qc6 26. Qe2 Rbd8 27.
Rg4 Rfe8 28. b3 Qd6 29. b4 c5 30. b5 a5 31. a4 Qc7 32. Qf3 Rd7 33. g3 Red8 34.
Qc3 34... Rd6 {Rest nicht nachvollziehbar} 1-0

[Event "ODEM U25B 2013"]
[Site "Oberhof GER"]
[Date "2013.05.19"]
[Round "2"]
[White "Chung, Nicholas"]
[Black "Berg, Robert"]
[Result "0-1"]
[Termination "normal"]
[Board "30"]
[WhiteElo "946"]
[BlackElo "1174"]
[PlyCount "30"]
[EventCountry "GER"]
[EventRounds "9"]
[EventType "swiss"]
[EventDate "2013.05.18"]

1. e4 d5 2. exd5 Qxd5 3. Nc3 Qa5 4. Nf3 Nf6 5. Bc4 e6 6. a3 Nc6 7. b4 Bxb4 8.
Bb2 Bd6 9. O-O Bd7 10. Qe2 O-O-O 11. d4 Kb8 12. Ng5 Qxg5 13. h3 Nxd4 14. Qd3
Qe5 15. g3 Bc6 0-1

[Event "ODEM U25B 2013"]
[Site "Oberhof GER"]
[Date "2013.05.19"]
[Round "2"]
[White "Wu, Erik"]
[Black "Moulart, Adrien"]
[Result "1-0"]
[Termination "normal"]
[Board "31"]
[WhiteElo "1169"]
[BlackElo "930"]
[PlyCount "51"]
[WhiteFideId "12977489"]
[EventCountry "GER"]
[EventRounds "9"]
[EventType "swiss"]
[EventDate "2013.05.18"]

1. e4 e5 2. Nf3 Nc6 3. Bc4 Nf6 4. Ng5 d5 5. exd5 b5 6. Bb3 Nxd5 7. Nxf7 Kxf7 8.
Qf3+ Ke6 9. Nc3 Ncb4 10. a3 Nxc2+ 11. Bxc2 c6 12. O-O Be7 13. Re1 Bf6 14. d4
Qd6 15. dxe5 Bxe5 16. Bf5+ Ke7 17. Bg5+ Nf6 18. Rad1 Qc5 19. Rd2 Kf7 20. Bxf6
gxf6 21. Qh5+ Ke7 22. Bxc8 Raxc8 23. Kf1 Qc4+ 24. Kg1 Qc5 25. Kh1 Ke6 26. f4
1-0

[Event "ODEM U25B 2013"]
[Site "Oberhof GER"]
[Date "2013.05.19"]
[Round "2"]
[White "Uhlmann, Marie"]
[Black "Riehle, Fabio"]
[Result "0-1"]
[Termination "normal"]
[Board "32"]
[WhiteElo "943"]
[BlackElo "1167"]
[PlyCount "140"]
[WhiteFideId "12980340"]
[BlackFideId "36052140"]
[EventCountry "GER"]
[EventRounds "9"]
[EventType "swiss"]
[EventDate "2013.05.18"]

1. c4 e5 2. Nc3 Nf6 3. g3 Bc5 4. Bg2 Nc6 5. Nf3 e4 6. Ng1 d6 7. d3 exd3 8. exd3
Qe7+ 9. Qe2 Qxe2+ 10. Ngxe2 Ng4 11. O-O Nd4 12. a3 Nxe2+ 13. Nxe2 O-O 14. b4
Bb6 15. d4 c5 16. Bf4 cxd4 17. Bxd6 d3 18. c5 dxe2 19. Rfe1 Rd8 20. Bf4 a5 21.
cxb6 axb4 22. Rxe2 Be6 23. Bxb7 Rxa3 24. Ree1 Rxa1 25. Rxa1 b3 26. Be4 f5 27.
Bb1 b2 28. Ra4 Rd1+ 29. Kg2 Bd5+ 30. f3 Rxb1 31. Rb4 Nf6 32. Be5 Bxf3+ 33. Kxf3
Rf1+ 34. Ke2 b1=Q 35. b7 Qxb4 36. b8=Q+ Qxb8 37. Bxb8 Rb1 38. Be5 Rb6 39. Bd4
Re6+ 40. Kd3 Ng4 41. h3 Ne5+ 42. Kc3 Rc6+ 43. Kd2 Nf3+ 44. Ke3 Nxd4 45. Kxd4
Kf7 46. Ke5 Rc3 47. Kxf5 Rxg3 48. h4 g6+ 49. Kf4 Ra3 50. Kg4 Ra4+ 51. Kg5 h6+
52. Kxh6 Rxh4+ 53. Kg5 Rh5+ 54. Kg4 Kf6 55. Kf4 Rh4+ 56. Kg3 Ra4 57. Kf3 Ke5
58. Kg3 Kf5 59. Kf2 Ra3 60. Kg2 Kf4 61. Kh2 Kg4 62. Kg2 Ra2+ 63. Kf1 Kg3 64.
Ke1 Kf3 65. Kd1 Ke3 66. Kc1 Kd3 67. Kb1 Rg2 68. Ka1 Rh2 69. Kb1 Kc3 70. Kc1
Rh1# 0-1

[Event "ODEM U25B 2013"]
[Site "Oberhof GER"]
[Date "2013.05.19"]
[Round "2"]
[White "Ziegenfuß, Larissa"]
[Black "Bajorski, Marius"]
[Result "0-1"]
[Termination "normal"]
[Board "34"]
[WhiteElo "923"]
[BlackElo "1136"]
[PlyCount "138"]
[WhiteFideId "12974722"]
[BlackFideId "12938831"]
[EventCountry "GER"]
[EventRounds "9"]
[EventType "swiss"]
[EventDate "2013.05.18"]

1. e4 e5 2. Nf3 Nc6 3. Nc3 Nf6 4. d4 exd4 5. Nxd4 Bc5 6. Be3 Nxd4 7. Bxd4 Bxd4
8. Qxd4 O-O 9. Qd1 Re8 10. Bd3 d5 11. Qe2 dxe4 12. Bxe4 Nxe4 13. Nxe4 f5 14.
Rd1 Qe7 15. Nc3 Qf8 16. O-O Rxe2 17. Nxe2 b6 18. f4 Ba6 19. Rf2 Bxe2 20. Rxe2
h6 21. Rd7 Re8 22. Red2 Qc5+ 23. Kf1 Qe3 24. Rd1 Qxf4+ 25. Kg1 Qe3+ 26. Kf1
Qe2+ 27. Kg1 Qxc2 28. h3 Qc5+ 29. Kh2 Kh7 30. Rf1 Kg6 31. Rd2 Kg5 32. Rd7 Re7
33. Rd2 h5 34. Rfd1 Qe5+ 35. Kg1 Kf4 36. Rf1+ Kg5 37. Rdf2 Qd4 38. Kh2 g6 39.
g3 Re1 40. h4+ Kh6 41. Kg2 Rxf1 42. Rxf1 Qd2+ 43. Rf2 Qd5+ 44. Kg1 g5 45. hxg5+
Kxg5 46. b3 c5 47. Re2 Qd4+ 48. Kf1 Qd3 49. Kf2 Qxe2+ 50. Kxe2 Kg4 51. Kf2 b5
52. Kg2 c4 53. bxc4 bxc4 54. Kf2 c3 55. Ke2 Kxg3 56. Kd3 h4 57. Kxc3 h3 58. Kd4
h2 59. Ke5 h1=Q 60. Kxf5 Qe1 61. Kf6 Qe4 62. Kf7 Qe5 63. Kf8 Qc7 64. Ke8 Kf4
65. Kf8 Qd7 66. Kg8 Qe7 67. Kh8 Kg5 68. Kg8 Kg6 69. Kh8 Qh7# 0-1

[Event "ODEM U25B 2013"]
[Site "Oberhof GER"]
[Date "2013.05.19"]
[Round "2"]
[White "Breitzmann, Malte"]
[Black "Grünwald, Max"]
[Result "0-1"]
[Termination "normal"]
[Board "36"]
[WhiteElo "886"]
[BlackElo "1118"]
[PlyCount "52"]
[BlackFideId "12992283"]
[EventCountry "GER"]
[EventRounds "9"]
[EventType "swiss"]
[EventDate "2013.05.18"]

1. e4 d5 2. exd5 Qxd5 3. Nc3 Qa5 4. Bc4 Nf6 5. Nf3 Bg4 6. d3 Nc6 7. Bf4 e6 8.
a3 O-O-O 9. Qe2 Nd4 10. Qd1 Qh5 11. Qc1 Nxf3+ 12. gxf3 Bxf3 13. Rg1 Ng4 14. Rg3
Nxh2 15. Rg5 Qh3 16. Bxh2 Qxh2 17. Ne2 Be7 18. Rxg7 Bh4 19. Ng3 Qg1+ 20. Kd2
Qxf2+ 21. Kc3 Bxg3 22. Rxf7 Be5+ 23. Kb3 Qb6+ 24. Ka2 Rhg8 25. Rxf3 Rg1 26.
Qxg1 Qxb2# 0-1

[Event "ODEM U25B 2013"]
[Site "Oberhof GER"]
[Date "2013.05.19"]
[Round "2"]
[White "Wiemann, Daniel"]
[Black "Bossert, Moritz"]
[Result "1-0"]
[Termination "normal"]
[Board "37"]
[WhiteElo "1457"]
[BlackElo "879"]
[PlyCount "95"]
[WhiteFideId "12942944"]
[BlackFideId "16239946"]
[EventCountry "GER"]
[EventRounds "9"]
[EventType "swiss"]
[EventDate "2013.05.18"]

1. e4 e6 2. d4 d5 3. exd5 exd5 4. Nc3 Bd6 5. Nf3 Qe7+ 6. Qe2 Nf6 7. Bg5 Be6 8.
Bxf6 Qxf6 9. Nxd5 Qg6 10. Nc3 O-O 11. Qd3 Qxd3 12. Bxd3 Re8 13. O-O-O Bf4+ 14.
Kb1 Nc6 15. d5 Bxd5 16. Nxd5 Be5 17. Nxe5 Rxe5 18. Nxc7 Rc8 19. Nb5 a6 20. Nd6
Rc7 21. Nc4 Rc5 22. Ne3 Ra5 23. Nc4 Ra4 24. Rhe1 g6 25. b3 Rb4 26. a3 Rb5 27.
a4 Rc5 28. h3 Re7 29. Rxe7 Nxe7 30. Be2 Rd5 31. Rxd5 Nxd5 32. Kb2 b5 33. axb5
axb5 34. Ne3 Nxe3 35. fxe3 b4 36. c3 bxc3+ 37. Kxc3 Kf8 38. b4 Ke8 39. b5 Ke7
40. g4 h6 41. e4 f6 42. Bf3 g5 43. Bg2 Kd6 44. Kc4 Ke6 45. Kc5 Kd7 46. b6 Kc8
47. Kc6 Kb8 48. b7 1-0

[Event "ODEM U25B 2013"]
[Site "Oberhof GER"]
[Date "2013.05.19"]
[Round "2"]
[White "Matuschak, Henry"]
[Black "Schulze, Lukas"]
[Result "1-0"]
[Termination "normal"]
[Board "39"]
[WhiteElo "1082"]
[BlackElo "858"]
[PlyCount "47"]
[BlackFideId "12956856"]
[EventCountry "GER"]
[EventRounds "9"]
[EventType "swiss"]
[EventDate "2013.05.18"]

1. e4 e6 2. d4 d5 3. exd5 exd5 4. Nf3 Nc6 5. Bb5 Bg4 6. O-O Qd7 7. Nc3 O-O-O 8.
h3 Bf5 9. Ne5 Qe6 10. Nxc6 bxc6 11. Re1 Qd7 12. Ba6+ Kb8 13. Qf3 Bxc2 14. Re2
Bf5 15. Bg5 f6 16. Bh4 Re8 17. Rxe8+ Qxe8 18. Qxf5 Bd6 19. Na4 Nh6 20. Qd3 Qe6
21. Bg3 Bxg3 22. Qxg3 Qe4 23. Qb3+ Ka8 24. Qb7# 1-0

[Event "ODEM U25B 2013"]
[Site "Oberhof GER"]
[Date "2013.05.19"]
[Round "2"]
[White "Granzin, Mina"]
[Black "Schumacher, Aaron"]
[Result "0-1"]
[Termination "normal"]
[Board "40"]
[WhiteElo "857"]
[BlackElo "1068"]
[PlyCount "40"]
[BlackFideId "12952184"]
[EventCountry "GER"]
[EventRounds "9"]
[EventType "swiss"]
[EventDate "2013.05.18"]

1. e4 c5 2. Nf3 Nc6 3. Nc3 e5 4. Bd3 d6 5. O-O Nf6 6. Bc4 Be7 7. d3 O-O 8. Bg5
Bg4 9. h3 Bh5 10. Bxf6 Bxf6 11. g4 Bg6 12. Qd2 h5 13. g5 Be7 14. h4 Qd7 15.
Rfe1 Qg4+ 16. Kf1 Qxf3 17. Rec1 Nd4 18. Ne2 Qh3+ 19. Ke1 Qh1+ 20. Ng1 Qxg1# 0-1

[Event "ODEM U25B 2013"]
[Site "Oberhof GER"]
[Date "2013.05.19"]
[Round "2"]
[White "Kung, Fanny"]
[Black "Riedel, Adelheid"]
[Result "0-1"]
[Termination "normal"]
[Board "41"]
[WhiteElo "1052"]
[BlackElo "846"]
[PlyCount "62"]
[WhiteFideId "12987689"]
[EventCountry "GER"]
[EventRounds "9"]
[EventType "swiss"]
[EventDate "2013.05.18"]

1. e4 e5 2. Nf3 Nc6 3. Bc4 Bc5 4. b4 Bd4 5. c3 Bb6 6. a4 a6 7. a5 Ba7 8. Bb2 d6
9. d4 Bg4 10. d5 Nce7 11. O-O Ng6 12. Nbd2 Qf6 13. Be2 Nf4 14. Bc4 Qh6 15. h3
Bxf3 16. Qxf3 Nf6 17. Rfe1 O-O 18. Nf1 N6h5 19. Ng3 Nxg3 20. Qxg3 Nh5 21. Qf3
Qg6 22. Bc1 h6 23. Be2 Nf4 24. Bxf4 exf4 25. Qxf4 f5 26. exf5 Rxf5 27. Qd2
Bxf2+ 28. Kh1 Bxe1 29. Rxe1 Rf2 30. g4 Qe4+ 31. Bf3 31... Qxf3+ {es folgte 32.
Dxf2 Dxf2 33.Tg1 Te8 34.Tg2 Df1+ 35.Kh2 Te2 36.Txe2 Dxe2+ 37.Kg1 Df3 38.Kh2
Df2+ 39.Kh1 Kf7 40.c4 Kf6 41.b5 Ke5 42.bxa6 bxa6 43.h4 Kf4 44.h5 Kg3 45.g5
De1#} 0-1

[Event "ODEM U25B 2013"]
[Site "Oberhof GER"]
[Date "2013.05.19"]
[Round "2"]
[White "Rüpke, Yannick"]
[Black "Zell, Mirjam"]
[Result "1-0"]
[Termination "normal"]
[Board "42"]
[WhiteElo "1038"]
[BlackElo "820"]
[PlyCount "109"]
[BlackFideId "16208544"]
[EventCountry "GER"]
[EventRounds "9"]
[EventType "swiss"]
[EventDate "2013.05.18"]

1. c4 e5 2. Nc3 Nc6 3. Nf3 Nf6 4. d3 Bc5 5. Bg5 d6 6. g3 h6 7. Bxf6 Qxf6 8. Bg2
Be6 9. O-O g5 10. Qb3 h5 11. Qxb7 Rb8 12. Qxc6+ Bd7 13. Qxc7 Rc8 14. Qa5 Qh6
15. h4 gxh4 16. Nxh4 Qg7 17. Ne4 f5 18. Nxc5 dxc5 19. Nxf5 Bxf5 20. Qd2 h4 21.
Qc3 Bd7 22. f4 Rg8 23. Qxe5+ Qxe5 24. fxe5 hxg3 25. Rf3 Bc6 26. Re3 Rg7 27. Rf1
Ke7 28. Bxc6 Rxc6 29. Kg2 Rcg6 30. Rff3 Ke6 31. Rxg3 Rxg3+ 32. Rxg3 Rxg3+ 33.
Kxg3 Kxe5 34. Kf3 Kd4 35. a3 a6 36. b4 cxb4 37. axb4 Kc3 38. b5 a5 39. b6 a4
40. b7 a3 41. b8=Q a2 42. Qb5 Kc2 43. Qa4+ Kb2 44. Qxa2+ Kxa2 45. c5 Kb2 46. c6
Kc3 47. c7 Kd4 48. c8=Q Kd5 49. Qc4+ Kd6 50. Ke4 Ke7 51. Qc6 Kd8 52. Qb7 Ke8
53. Kf5 Kd8 54. Ke6 Ke8 55. Qa8# 1-0

[Event "ODEM U25B 2013"]
[Site "Oberhof GER"]
[Date "2013.05.19"]
[Round "2"]
[White "Gazizov, Erik"]
[Black "Kalina, Joshua"]
[Result "0-1"]
[Termination "normal"]
[Board "43"]
[WhiteElo "722"]
[BlackElo "1021"]
[PlyCount "42"]
[WhiteFideId "12951358"]
[EventCountry "GER"]
[EventRounds "9"]
[EventType "swiss"]
[EventDate "2013.05.18"]

1. d4 d5 2. c4 dxc4 3. Nf3 Nc6 4. e3 Nf6 5. Bxc4 Bf5 6. Nc3 e6 7. b3 Nb4 8. Ba3
Nc2+ 9. Kf1 Nxa1 10. Qxa1 Bxa3 11. g3 O-O 12. Kg2 Be4 13. Nxe4 Nxe4 14. Qd1 c5
15. Re1 cxd4 16. exd4 Nc3 17. Qd3 Bb4 18. Ng5 Qxg5 19. Re5 Qf6 20. Rh5 h6 21.
Qd1 Nxd1 0-1

[Event "ODEM U25B 2013"]
[Site "Oberhof GER"]
[Date "2013.05.19"]
[Round "2"]
[White "Kluge, Helene"]
[Black "Müdder, Melanie"]
[Result "0-1"]
[Termination "normal"]
[Board "44"]
[WhiteElo "1020"]
[BlackElo "712"]
[PlyCount "58"]
[WhiteFideId "12983179"]
[BlackFideId "12994103"]
[EventCountry "GER"]
[EventRounds "9"]
[EventType "swiss"]
[EventDate "2013.05.18"]

1. e4 e5 2. Nf3 Nc6 3. Bb5 Nf6 4. d3 Bd6 5. O-O O-O 6. Bg5 a6 7. Ba4 b5 8. Bb3
Bc5 9. Nc3 d6 10. h3 h6 11. Bh4 Nd4 12. Nd5 Nxb3 13. Nxf6+ gxf6 14. axb3 Re8
15. Qd2 Kg7 16. Rfe1 Rg8 17. Kf1 Bb7 18. c3 Qe7 19. c4 bxc4 20. bxc4 Qe6 21. b3
f5 22. Qd1 Qg6 23. g3 f4 24. g4 Bc8 25. Nh2 h5 26. f3 hxg4 27. hxg4 Qh6 28. Ke2
Qxh4 29. Rh1 Qf2# 0-1

[Event "ODEM U25B 2013"]
[Site "Oberhof GER"]
[Date "2013.05.19"]
[Round "2"]
[White "Reichel, Sara"]
[Black "Reif, Richard"]
[Result "0-1"]
[Termination "normal"]
[Board "45"]
[WhiteElo "683"]
[BlackElo "1016"]
[PlyCount "74"]
[WhiteFideId "16245130"]
[BlackFideId "12983764"]
[EventCountry "GER"]
[EventRounds "9"]
[EventType "swiss"]
[EventDate "2013.05.18"]

1. e4 e5 2. Nf3 Nc6 3. Bc4 Nf6 4. Ng5 d5 5. exd5 Nxd5 6. d4 Be6 7. Nc3 Nxc3 8.
bxc3 Bxc4 9. Rb1 b6 10. d5 Ne7 11. Be3 Bxa2 12. Ra1 Qxd5 13. Qe2 Qc4 14. Qf3
Qxc3+ 15. Bd2 Qxa1+ 16. Qd1 Qxd1+ 17. Kxd1 f6 18. Kc1 fxg5 19. Bc3 Nc6 20. Rd1
Ba3+ 21. Kd2 Rd8+ 22. Ke1 Rxd1+ 23. Kxd1 O-O 24. g3 Rxf2 25. Ke1 Rxh2 26. Kf1
Rxc2 27. Ba1 Rc1+ 28. Kf2 Rxa1 29. g4 e4 30. Kg3 e3 31. Kf3 Bc5 32. Ke2 Bc4+
33. Kf3 e2 34. Ke4 e1=Q+ 35. Kf5 Bd3+ 36. Kxg5 Qe5+ 37. Kh4 Rh1# 0-1